Formula One Constructors Starting With P - Statistics

General Stats
  • This quiz has been taken 15 times
  • The average score is 3 of 5
Answer Stats
Seasons Races Constructor % Correct
1997–2001 83 Prost
92%
1974–1977 41 Penske
67%
1957–1964 35 Porsche
67%
1994–1995 33 Pacific
58%
1974–1976 16 Parnelli
33%
No matching quizzes found
Score Distribution
Percent of People with Each Score
Percentile by Number Answered
Your Score History
You have not taken this quiz